[Event "Bhubaneswar op 12th"]
[Site "Bhubaneswar"]
[Date "2019.05.31"]
[Round "1"]
[White "Srivatsan, Sekar"]
[Black "Ter Sahakyan, Samvel"]
[Result "0-1"]
[WhiteElo "1832"]
[BlackElo "2611"]
[PlyCount "54"]
[EventDate "2019.05.31"]
[EventType "swiss"]
[EventRounds "10"]
[EventCountry "IND"]
[SourceTitle "CBM 190 Extra"]
[Source "ChessBase"]
[SourceDate "2019.07.15"]
[SourceVersion "1"]
[SourceVersionDate "2019.07.15"]
[SourceQuality "1"]

1. e4 c6 2. d4 d5 3. Nc3 dxe4 4. Nxe4 Nf6 5. Nxf6+ exf6 6. Nf3 Bd6 7. Bd3 0-0 8. 0-0 Bg4 9. c3 Nd7 10. Be3 Re8 11. h3 Bh5 12. g4 Bg6 13. Nh4 Bxd3 14. Qxd3 g6 15. Ng2 Nc5 16. Qc2 Ne4 17. Rfe1 Qd7 18. f3 Ng5 19. Bxg5 fxg5 20. Rxe8+ Rxe8 21. Qd2 Bg3 22. Qxg5 Re2 23. Rb1 Qe6 24. Qc1 Qd5 25. Qf1 Bf2+ 26. Qxf2 Rxf2 27. Kxf2 Qxa2 0-1